|
|
|
|
| LEADER |
00000nam a2200000 a 4500 |
| 001 |
UCX2164 |
| 003 |
CL-VaPUC |
| 008 |
910327e19680000CL |||||||||||||||||spa|d |
| 082 |
0 |
4 |
|a 863
|b PER
|2 21
|
| 100 |
0 |
|
|a Pérez Galdós, Benito
|e author
|9 318000
|
| 245 |
1 |
0 |
|a Misericordia
|
| 300 |
|
|
|a 228 p
|
| 942 |
|
|
|c BK
|
| 945 |
|
|
|d 19910327 00:00:00
|
| 260 |
|
|
|a Santiago
|b Orbe
|c 1968
|
| 650 |
|
0 |
|a Novelas españolas
|9 265052
|
| 583 |
|
|
|a last modification
|c 19910327 00:00:00
|k Rodrigo Vera
|
| 999 |
|
|
|c 223246
|d 223244
|
| 952 |
|
|
|0 0
|1 0
|4 0
|6 863_000000000000000_PER_1968
|7 0
|8 P
|9 218831
|a BIBEDU
|b BIBEDU
|c BIBEDU_PB
|d 2019-11-15
|i 2876442
|o 863 PER 1968
|p 2876442
|r 2024-01-25
|w 2019-11-15
|y BK
|k LIT
|
| 952 |
|
|
|0 0
|1 0
|4 0
|6 863_000000000000000_PER_1968
|7 0
|8 P
|9 218832
|a BIBEDU
|b BIBEDU
|c BIBEDU_PB
|d 2019-11-15
|i 2876450
|o 863 PER 1968
|p 2876450
|r 2024-01-25
|w 2019-11-15
|y BK
|k LIT
|